| 000 | 00825nam a2200229 a 4500 | ||
|---|---|---|---|
| 001 | 47467 | ||
| 003 | BD-RjUL | ||
| 005 | 20211209054324.0 | ||
| 008 | 160808s2009 bg ||||| |||| 00| 0 ben d | ||
| 020 |
_a9847017100139 _c: Tk. 70.00 |
||
| 035 | _a(BD-RjUL)47586 | ||
| 040 |
_aBD-RjUL _beng _cBD-RjUL |
||
| 041 | _aeng | ||
| 082 |
_a507 _bPAP 2009 |
||
| 100 |
_aপাল, নিশীথ কুমার _9119563 |
||
| 245 | 1 | 0 |
_aপ্রশ্নোত্তরে বিজ্ঞান / _cনিশীথ কুমার পাল |
| 260 |
_aঢাকা : _bআলেয়া বুক ডিপো, _c২০০৯ |
||
| 300 |
_a৭৬ পৃ. ; _c২১ সেমি. |
||
| 650 |
_aবিজ্ঞান _xপঠণ ও শিক্ষণ _9144312 |
||
| 650 |
_aScience _xStudy and teaching _9144347 |
||
| 942 |
_2ddc _cBK |
||
| 999 |
_c47467 _d47467 |
||